| 000 | 01234nam0a22002771 4500 | ||
|---|---|---|---|
| 001 | rc\192813 | ||
| 005 | 20260406114038.0 | ||
| 010 |
_a5-8678-092-7 _92000 |
||
| 035 | _a(NLR Aleph) 005448481 | ||
| 090 |
_a4831999 _c4831999 |
||
| 100 | _a20030307d1996 |||y0rusy50 ca | ||
| 101 | 0 | _arus | |
| 102 | _aRU | ||
| 105 | _aa ||||||||| | ||
| 200 | 1 |
_aРОССИЙСКИЙ путь в экономике _e[Сб. ст.] _fРесп. гос. прогр. "Народы России: возрождение и развитие" _g[Редкол.: Г.Г. Богомазов- отв. ред. и др.] |
|
| 210 |
_aСПб. _cПетрополис _d1996 |
||
| 215 |
_a285 с. _cил. _d22 |
||
| 225 | 1 |
_aСерия "Россия накануне XXI века" _fРедкол.: В.Т. Пуляев (отв. ред.) и др. _vВып. 7 |
|
| 320 | _aБиблиогр. в подстроч. примеч. | ||
| 702 | 1 |
_aБогомазов _bГ.Г. _gГеннадий Григорьевич _4340 |
|
| 712 | 0 | 2 |
_a"Народы России: возрождение и развитие", гос. программа _3RU\NLR\AUTH\8810127 _9292807 |
| 801 | 0 |
_aRU _bNLR _gpsbo |
|
| 801 | 1 |
_aRU _bELAR _2rusmarc |
|
| 852 |
_aNLR _j97-5/989 |
||
| 942 | _cBOOK | ||
| 980 | _aNB | ||